[Event "32nd ECC Women 2016"]
[Site "Novi Sad SRB"]
[Date "2016.11.08"]
[Round "3.2"]
[Board "2"]
[White "Pogonina, Natalija"]
[Black "Ovod, Evgenija"]
[Result "1-0"]
[WhiteTitle "WGM"]
[BlackTitle "IM"]
[WhiteElo "2492"]
[BlackElo "2375"]
[WhiteTeam "Ugra Chess Club"]
[BlackTeam "Chigorin Chess Club St Petersburg"]
[WhiteFideId "4147855"]
[BlackFideId "4131827"]
[EventDate "2016.11.06"]

1. d4 Nf6 2. c4 e6 3. Nf3 c5 4. d5 d6 5. Nc3 exd5 6. cxd5 g6 7. Bf4 Bg7 8. Qa4+
Bd7 9. Qb3 Qc7 10. e4 O-O 11. Be2 Nh5 12. Be3 a6 13. a4 Bg4 14. h3 Bxf3 15. Bxf3
Nf6 16. e5 dxe5 17. Rd1 Qd6 18. Qxb7 Nbd7 19. O-O Rfc8 20. Qb3 c4 21. Qa2 Rab8
22. Be2 Rb4 23. a5 Qb8 24. Rd2 Bf8 25. d6 Bxd6 26. Rfd1 Bc5 27. Bxc5 Nxc5 28.
Bxc4 Nb3 29. Bxb3 Rxb3 30. Na4 Rb4 31. Nb6 Re8 32. Qa3 Rf4 33. b4 Kg7 34. Qb3
Ne4 35. Rd7 Rf6 36. Qe3 Nd6 37. Qd3 Nb5 38. Qc4 e4 39. R7d2 Qb7 40. Nd7 Rc6 41.
Nc5 Qe7 42. Re1 f5 43. Red1 Qf6 44. Rd7+ Re7 45. Qd5 Rxd7 46. Qxd7+ Kh6 47. Qd8
Qxd8 48. Rxd8 Kg5 49. Ra8 Rd6 50. Rxa6 Rxa6 51. Nxa6 Kf6 52. Nc5 Ke5 53. Nd7+
Kd4 54. Nf8 f4 55. Nxh7 e3 56. fxe3+ fxe3 57. Ng5 Kd3 58. Nf3 Ke2 59. Kh2 Kf2
60. Ng1 g5 61. a6 Kf1 62. g4 e2 63. Nxe2 Kxe2 64. h4 gxh4 65. g5 Nc7 66. g6 Nxa6
67. g7 Nxb4 68. g8=Q Nd3 69. Qg4+ Ke3 70. Qxh4 Nf4 71. Qg4 Ne2 72. Kg2 Nf4+ 73.
Kf1 Nd3 74. Qg3+ Ke4 75. Ke2 Nf4+ 76. Kd2 Nd5 77. Qg4+ Nf4 78. Kc3 Ke5 79. Qf3
Nd5+ 80. Kc4 Nf4 81. Qe3+ Kf5 82. Kd4 Ne6+ 83. Kd5 Nf4+ 84. Kd6 Ng6 85. Qf2+ Kg5
86. Qf3 Nf4 87. Ke5 Ng6+ 88. Ke4 Ne7 89. Qf7 Ng6 90. Qg7 Kh5 91. Kf5 Nh4+ 92.
Kf6 Nf3 93. Qg3 1-0

[Event "32nd ECC Women 2016"]
[Site "Novi Sad SRB"]
[Date "2016.11.08"]
[Round "3.2"]
[Board "3"]
[White "Belenkaya, Dina"]
[Black "Mkrtchian, Lilit"]
[Result "1/2-1/2"]
[WhiteTitle "WGM"]
[BlackTitle "IM"]
[WhiteElo "2332"]
[BlackElo "2439"]
[WhiteTeam "Chigorin Chess Club St Petersburg"]
[BlackTeam "Ugra Chess Club"]
[WhiteFideId "24142654"]
[BlackFideId "13300601"]
[EventDate "2016.11.06"]

1. e4 c5 2. Nf3 e6 3. c4 Nc6 4. Nc3 Nge7 5. Be2 Nd4 6. Nxd4 cxd4 7. Nb5 Nc6 8.
O-O Be7 9. d3 O-O 10. Bf4 d6 11. a4 e5 12. Bd2 f5 13. exf5 Bxf5 14. Qb3 Be6 15.
f4 Qd7 16. Bf3 a6 17. Na3 exf4 18. Bd5 g5 19. Rae1 Bf7 20. Re4 Bf6 21. Bxf4 gxf4
22. Rexf4 Bxd5 23. cxd5 Na5 24. Qb6 Bg5 25. Rxf8+ Rxf8 26. Rxf8+ Kxf8 27. Qxa5
Qf5 28. Nc4 Qxd3 29. Qc7 Qb1+ 30. Kf2 Qf5+ 31. Kg1 Qb1+ 32. Kf2 Qf5+ 33. Kg1
Qb1+ 1/2-1/2

[Event "32nd ECC Women 2016"]
[Site "Novi Sad SRB"]
[Date "2016.11.08"]
[Round "3.2"]
[Board "4"]
[White "Nechaeva, Marina"]
[Black "Balaian, Alina"]
[Result "1-0"]
[WhiteTitle "IM"]
[BlackTitle "WIM"]
[WhiteElo "2420"]
[BlackElo "2216"]
[WhiteTeam "Ugra Chess Club"]
[BlackTeam "Chigorin Chess Club St Petersburg"]
[WhiteFideId "4149351"]
[BlackFideId "24115347"]
[EventDate "2016.11.06"]

1. d4 Nf6 2. c4 g6 3. Nc3 Bg7 4. e4 d6 5. f3 O-O 6. Nge2 c5 7. Be3 Nc6 8. d5 Na5
9. Ng3 a6 10. Be2 e6 11. O-O exd5 12. cxd5 b5 13. Rc1 Nc4 14. Bxc4 bxc4 15. Rf2
Nd7 16. f4 a5 17. Qe2 Ba6 18. Qf3 Rb8 19. Rd1 Bc8 20. h3 Re8 21. Re2 Rb4 22. Kh1
Qb6 23. Qf2 Qa7 24. e5 dxe5 25. f5 Qa6 26. d6 Bb7 27. Nge4 Bxe4 28. Nxe4 c3 29.
Nxc5 Nxc5 30. Bxc5 Rf4 31. Qe3 Rd8 32. bxc3 Rd7 33. fxg6 hxg6 34. Ree1 Qc6 35.
Ba3 Ra4 36. c4 Rxc4 37. Rc1 Kh7 38. Qd3 Rxc1 39. Rxc1 Qa4 40. Rc4 e4 41. Rxe4
Qc6 42. Rh4+ Kg8 43. Rc4 Qb7 44. Rc5 Qb6 45. Rc8+ Kh7 46. Qe4 Qf2 47. Bc5 Qf6
48. Re8 Qg5 49. Re7 Rd8 50. Rxf7 Qc1+ 51. Bg1 Rb8 52. Qe5 Qh6 53. Bd4 1-0

[Event "32nd ECC Women 2016"]
[Site "Novi Sad SRB"]
[Date "2016.11.08"]
[Round "3.3"]
[Board "1"]
[White "Mamedjarova, Zeinab"]
[Black "Paehtz, Elisabeth"]
[Result "1/2-1/2"]
[WhiteTitle "WGM"]
[BlackTitle "IM"]
[WhiteElo "2338"]
[BlackElo "2474"]
[WhiteTeam "Odlar Yurdu"]
[BlackTeam "SS Lazio Scacchi"]
[WhiteFideId "13401521"]
[BlackFideId "4641833"]
[EventDate "2016.11.06"]

1. d4 d5 2. Nf3 c6 3. Bf4 Qb6 4. Qc1 Nf6 5. e3 Bf5 6. Bd3 Bxd3 7. cxd3 e6 8. O-O
Nbd7 9. Nc3 Be7 10. Qc2 O-O 11. Na4 Qd8 12. Nc5 Nxc5 13. dxc5 Nh5 14. d4 g5 15.
Bg3 f6 16. b4 Ng7 17. Rab1 a6 18. a4 Qd7 19. Rb2 Nf5 20. Rfb1 h5 21. b5 cxb5 22.
axb5 axb5 23. Rxb5 Ra7 24. h4 g4 25. Ne1 Rfa8 26. Kh2 Bf8 27. Rb6 Bh6 28. Rxb7
Qxb7 29. Rxb7 Rxb7 30. c6 Re7 31. Nd3 Rc8 32. Bf4 Bf8 33. Nb2 Ra7 34. Na4 Ra6
35. c7 Bd6 36. Bxd6 Rxd6 37. Qb3 Rc6 38. Nb6 g3+ 39. fxg3 Nh6 40. g4 Nxg4+ 41.
Kh3 R8xc7 42. Na4 Nf2+ 43. Kh2 Ne4 44. Nc5 Nxc5 45. dxc5 Rxc5 46. Qb8+ Kg7 47.
Qe8 Rc4 48. Qxe6 Rxh4+ 49. Kg3 Rg4+ 50. Kf3 Rg5 51. Qd6 Rb7 52. Qc6 Re7 53. Qd6
Rge5 54. Kf2 Rf7 55. Kf3 Rf5+ 56. Kg3 Rg5+ 57. Kh3 Kg6 58. Qd8 Kh7 59. Kh2 Re5
60. Kh1 Kg7 61. Kh2 Rxe3 62. Qxd5 Re5 63. Qd8 Rg5 64. Kh1 Kh7 65. Qd3+ Rg6 66.
Qd5 Kg7 67. Kg1 Rg5 68. Qd4 Re7 69. Qd6 Re2 70. Qd7+ Kh6 71. Kh1 Ree5 72. Qd8
Kg7 73. Qd7+ Kg6 74. Qd8 Kf7 75. Qd7+ Re7 76. Qd3 Kg7 77. Qd6 Rge5 78. Kg1 h4
79. Kh2 Re3 80. Qd4 R3e4 81. Qd6 R7e5 82. Qd7+ Kg6 83. Qc8 Re8 84. Qc2 Kg5 85.
Qc1+ Re3 86. Qc5+ Kg6 87. Qc2+ Kg7 88. Qc7+ R8e7 89. Qd6 R3e4 90. Qd8 R7e5 91.
Qd7+ Kg6 92. Qd3 f5 93. Qd6+ Re6 94. Qf8 Re7 95. Qd8 Rg7 96. Qd6+ Kh7 97. Qd3
Rf4 98. Kh1 Rg6 99. Qd7+ Kh6 100. Qd2 Rg4 101. Qd6+ Kh7 102. Qc7+ Kg6 103. Qd6+
Kh5 104. Qf6 Rg6 105. Qh8+ Kg4 106. Qe8 Kh5 107. Qh8+ Kg5 108. Qd8+ Kh5 109.
Qh8+ 1/2-1/2

[Event "32nd ECC Women 2016"]
[Site "Novi Sad SRB"]
[Date "2016.11.08"]
[Round "3.3"]
[Board "2"]
[White "Brunello, Marina"]
[Black "Mammadzada, Gunay"]
[Result "1-0"]
[WhiteTitle "FM"]
[BlackTitle "WGM"]
[WhiteElo "2349"]
[BlackElo "2371"]
[WhiteTeam "SS Lazio Scacchi"]
[BlackTeam "Odlar Yurdu"]
[WhiteFideId "822590"]
[BlackFideId "13403729"]
[EventDate "2016.11.06"]

1. e4 c5 2. Nf3 d6 3. d4 cxd4 4. Nxd4 Nf6 5. Nc3 a6 6. Be3 e5 7. Nf3 Qc7 8. a4
Be6 9. Be2 h6 10. O-O Nbd7 11. a5 Qc6 12. Nd2 Be7 13. Bf3 O-O 14. Re1 Rac8 15.
Nf1 Rfe8 16. Ng3 Bf8 17. Qd2 Qc7 18. Qe2 g6 19. Nf1 Kh7 20. h3 Qb8 21. Reb1 Be7
22. Nh2 Qc7 23. Ng4 h5 24. Nxf6+ Nxf6 25. Rd1 Kg7 26. Qd2 Qc6 27. Rac1 Qd7 28.
b3 Bd8 29. Na4 Rc6 30. c4 Qe7 31. Qb4 Bc8 32. Rd3 Nh7 33. Rcd1 Ng5 34. Bxg5 Qxg5
35. Kf1 Bc7 36. Rd5 Qh4 37. Qc3 g5 38. Qe3 g4 39. hxg4 hxg4 40. g3 Qd8 41. Be2
Rh8 42. b4 Be6 43. Kg2 Rh5 44. Rh1 Qh8 45. Rdd1 Bd8 46. Nb6 Rh3 47. Nd5 Kg6 48.
Qa7 Bc8 49. Ne3 Qh5 50. Qb8 Kg7 51. b5 axb5 52. cxb5 Qg6 53. Rxh3 gxh3+ 54. Kh2
Rc3 55. Qxd6 Qxe4 56. Qd5 Qxd5 57. Rxd5 Bxa5 58. Rxe5 Bb6 59. Nd5 Bd4 60. Rg5+ 1-0

[Event "32nd ECC Women 2016"]
[Site "Novi Sad SRB"]
[Date "2016.11.08"]
[Round "3.3"]
[Board "3"]
[White "Mammadova, Gulnar"]
[Black "Di Benedetto, Desiree"]
[Result "1-0"]
[WhiteTitle "WGM"]
[BlackTitle "WFM"]
[WhiteElo "2364"]
[BlackElo "2137"]
[WhiteTeam "Odlar Yurdu"]
[BlackTeam "SS Lazio Scacchi"]
[WhiteFideId "13403508"]
[BlackFideId "875813"]
[EventDate "2016.11.06"]

1. e4 c5 2. Nf3 Nc6 3. Bb5 g6 4. Bxc6 bxc6 5. O-O Bg7 6. Re1 Nh6 7. c3 O-O 8. h3
f5 9. e5 Nf7 10. d3 Ba6 11. c4 d6 12. e6 Ne5 13. Nc3 Rb8 14. Na4 Nxf3+ 15. Qxf3
Rb4 16. Nc3 Qc7 17. h4 h6 18. Ne2 Kh7 19. Rb1 Bc8 20. Nf4 Bd4 21. Nh3 Be5 22.
Nf4 Bd4 23. b3 Rf6 24. Bb2 Bxb2 25. Rxb2 Rb6 26. Qe3 Qd8 27. d4 cxd4 28. Qxd4
Qg8 29. c5 dxc5 30. Qxc5 Qe8 31. Rd2 Rb7 32. Qc3 Rc7 33. Nd5 1-0

[Event "32nd ECC Women 2016"]
[Site "Novi Sad SRB"]
[Date "2016.11.08"]
[Round "3.3"]
[Board "4"]
[White "Santeramo, Alessia"]
[Black "Kazimova, Narmin"]
[Result "0-1"]
[WhiteTitle "WFM"]
[BlackTitle "WGM"]
[WhiteElo "2097"]
[BlackElo "2323"]
[WhiteTeam "SS Lazio Scacchi"]
[BlackTeam "Odlar Yurdu"]
[WhiteFideId "850810"]
[BlackFideId "13402951"]
[EventDate "2016.11.06"]

1. e4 e5 2. Nf3 Nc6 3. Bb5 g6 4. O-O Bg7 5. c3 a6 6. Ba4 d6 7. h3 Ne7 8. d4 exd4
9. cxd4 b5 10. Bb3 O-O 11. Nc3 Na5 12. Bc2 c5 13. Re1 h6 14. Rb1 Nec6 15. dxc5
dxc5 16. Nd5 Nb4 17. Nxb4 cxb4 18. Be3 Qe7 19. Qc1 Kh7 20. e5 Nc4 21. Be4 Bb7
22. Bd4 Bxe4 23. Rxe4 Rac8 24. Qf4 a5 25. Rbe1 Rc6 26. Qg3 Re6 27. R1e2 Rc8 28.
Ne1 Qb7 29. Nd3 Nd6 30. Rf4 Nf5 31. Rxf5 gxf5 32. Nc5 Rxc5 33. Bxc5 Rg6 34. Qh2
Qd5 0-1

[Event "32nd ECC Women 2016"]
[Site "Novi Sad SRB"]
[Date "2016.11.08"]
[Round "3.4"]
[Board "1"]
[White "Zhukova, Natalia"]
[Black "Socko, Monika"]
[Result "0-1"]
[WhiteTitle "GM"]
[BlackTitle "GM"]
[WhiteElo "2448"]
[BlackElo "2428"]
[WhiteTeam "Jelica PEP - Goracici"]
[BlackTeam "ASD C.S.R. Fischer Chieti"]
[WhiteFideId "14101513"]
[BlackFideId "1106619"]
[EventDate "2016.11.06"]

1. c4 Nf6 2. Nc3 e5 3. Nf3 Nc6 4. g3 g6 5. Bg2 Bg7 6. O-O O-O 7. Rb1 a5 8. a3
Re8 9. b4 axb4 10. axb4 d6 11. d3 e4 12. dxe4 Nxe4 13. Nxe4 Rxe4 14. Nd2 Re8 15.
Bb2 Bxb2 16. Rxb2 Qf6 17. Rb3 Bf5 18. e4 Be6 19. Qb1 Qd4 20. Rd3 Qb6 21. c5 dxc5
22. bxc5 Qxc5 23. Rc1 Qa7 24. Qb2 Red8 25. Rxd8+ Rxd8 26. Nf3 Qa4 27. h4 Rd1+
28. Rxd1 Qxd1+ 29. Kh2 Qb3 30. Qf6 Qb4 31. h5 Qc5 32. e5 Qe7 33. Qf4 Bd5 34. h6
Bxf3 35. Bxf3 Nxe5 36. Bxb7 c6 37. Kg1 g5 38. Qe4 Qe6 39. Qe3 Kf8 40. Qa7 Qd6
41. Bc8 Qd1+ 42. Kg2 Qd5+ 43. Kf1 g4 44. Qa3+ c5 45. Qa7 Nf3 46. Qa1 Nd4 47. Kg1
Ne2+ 48. Kh2 Qh5+ 0-1

[Event "32nd ECC Women 2016"]
[Site "Novi Sad SRB"]
[Date "2016.11.08"]
[Round "3.4"]
[Board "2"]
[White "Zimina, Olga"]
[Black "Velikic, Adela"]
[Result "1-0"]
[WhiteTitle "IM"]
[WhiteElo "2394"]
[BlackElo "2207"]
[WhiteTeam "ASD C.S.R. Fischer Chieti"]
[BlackTeam "Jelica PEP - Goracici"]
[WhiteFideId "4132190"]
[BlackFideId "913553"]
[EventDate "2016.11.06"]

1. c4 c6 2. Nf3 d5 3. e3 Nf6 4. Nc3 e6 5. b3 Be7 6. Bb2 O-O 7. Qc2 c5 8. Be2 b6
9. O-O Bb7 10. d4 Nbd7 11. cxd5 exd5 12. Rfd1 Rc8 13. Qf5 g6 14. Qh3 Bd6 15.
dxc5 bxc5 16. Ng5 h5 17. Ne6 Bxh2+ 18. Kxh2 fxe6 19. Qxe6+ Kh7 20. Kg1 Qe8 21.
Qxe8 Rcxe8 22. Bf3 Nb6 23. Ba3 Nfd7 24. Bxd5 Nxd5 25. Nxd5 Rf7 26. Rac1 Re5 27.
Nf4 h4 28. Nh3 Kh6 29. Rd6 Nf6 30. Bb2 Rf5 31. f3 Nh5 32. e4 Rxf3 33. gxf3 Rxf3
34. Rc3 Rf7 35. Bc1+ 1-0

[Event "32nd ECC Women 2016"]
[Site "Novi Sad SRB"]
[Date "2016.11.08"]
[Round "3.4"]
[Board "3"]
[White "Eric, Jovana"]
[Black "Paolillo, Gaia"]
[Result "1-0"]
[WhiteTitle "WIM"]
[BlackTitle "WFM"]
[WhiteElo "2209"]
[BlackElo "2013"]
[WhiteTeam "Jelica PEP - Goracici"]
[BlackTeam "ASD C.S.R. Fischer Chieti"]
[WhiteFideId "938238"]
[BlackFideId "864986"]
[EventDate "2016.11.06"]

1. e4 e6 2. Qe2 c5 3. Nf3 Nc6 4. g3 Nf6 5. Bg2 d5 6. e5 Nd7 7. d3 Be7 8. O-O O-O
9. h4 Re8 10. c3 b6 11. Bf4 f6 12. exf6 Bxf6 13. Ng5 Nf8 14. Qh5 g6 15. Qf3 Kg7
16. Na3 h6 17. Nh3 Ne5 18. Qe2 Nf7 19. Rae1 e5 20. Bc1 Rb8 21. Nc2 Ba6 22. c4 e4
23. Ne3 exd3 24. Qxd3 dxc4 25. Qa3 Bb7 26. Nf4 Bxg2 27. Kxg2 Qd7 28. Nxc4 Ne5
29. Nxe5 Bxe5 30. Qf3 Bd4 31. Ne2 Ne6 32. Nf4 Nf8 33. b3 h5 34. Qd3 Rxe1 35.
Rxe1 Re8 36. Rxe8 Qxe8 37. Qf3 Qd7 38. Qe4 Kf7 39. Nd5 Ne6 40. Bh6 Bg7 41. Qf3+
Kg8 42. Bxg7 Qxg7 43. Qe4 Nf8 44. Ne7+ Kh7 45. Nc8 Qc7 46. Qa8 a5 47. Nxb6 Qxb6
48. Qxf8 Qc6+ 49. Qf3 Qd7 50. Qa8 Qc7 51. Kf3 Qf7+ 52. Ke3 Qe6+ 53. Qe4 Qd7 54.
Qe5 Qa7 55. Kd3 Qa6+ 56. Kc3 Qb5 57. Qe7+ Kg8 58. Qe6+ Kg7 59. Qc4 Qc6 60. Kb2
Qb6 61. Ka3 Qd6 62. Qc3+ Kh7 63. Qxa5 c4+ 64. Qb4 Qa6+ 65. Kb2 Qf6+ 66. Kb1 Qf5+
67. Kc1 cxb3 68. Qe7+ Kg8 69. Qd8+ Kh7 70. Qc7+ Kg8 71. Qb8+ Kh7 72. Qa7+ Kg8
73. axb3 Qe5 74. Qe3 Qa1+ 75. Kc2 Qa2+ 76. Kc3 Qa1+ 77. Kb4 Qa6 78. Qc5 Qb7+ 79.
Kc4 Qe4+ 80. Kb5 Qb7+ 81. Qb6 Qd5+ 82. Kb4 Qd2+ 83. Kc4 Qe2+ 84. Kd5 Qd3+ 85.
Kc6 Qe4+ 86. Kd6 Qd3+ 87. Ke7 Kh7 88. Qe6 Qb5 89. Kf6 Kh8 90. Qc8+ Kh7 91. Qc7+ 1-0

[Event "32nd ECC Women 2016"]
[Site "Novi Sad SRB"]
[Date "2016.11.08"]
[Round "3.4"]
[Board "4"]
[White "Di Primio, Eugenia"]
[Black "Prudnikova, Svetlana"]
[Result "0-1"]
[BlackTitle "WGM"]
[WhiteElo "1928"]
[BlackElo "2296"]
[WhiteTeam "ASD C.S.R. Fischer Chieti"]
[BlackTeam "Jelica PEP - Goracici"]
[WhiteFideId "821942"]
[BlackFideId "929700"]
[EventDate "2016.11.06"]

1. e4 c5 2. Nc3 Nc6 3. g3 g6 4. Bg2 Bg7 5. d3 d6 6. Nge2 e5 7. O-O Nge7 8. Be3
O-O 9. Qd2 Nd4 10. f4 Rb8 11. h3 b5 12. Nd1 b4 13. c3 bxc3 14. bxc3 Nxe2+ 15.
Qxe2 exf4 16. Bxf4 Rb6 17. Rc1 d5 18. Rf2 Ba6 19. Qf3 Bb7 20. Qe2 Re6 21. Qc2
Qa8 22. Re2 dxe4 23. dxe4 Re8 24. Nf2 Nd5 25. Qd3 c4 26. Qxc4 Nxf4 27. gxf4 Ba6 0-1

[Event "32nd ECC Women 2016"]
[Site "Novi Sad SRB"]
[Date "2016.11.08"]
[Round "3.5"]
[Board "1"]
[White "Galliamova, Alisa"]
[Black "Kashlinskaya, Alina"]
[Result "1-0"]
[WhiteTitle "IM"]
[BlackTitle "IM"]
[WhiteElo "2434"]
[BlackElo "2450"]
[WhiteTeam "Ladya Kazan"]
[BlackTeam "SHSM Legacy Square Moscow"]
[WhiteFideId "4129725"]
[BlackFideId "4198026"]
[EventDate "2016.11.06"]

1. d4 Nf6 2. c4 e6 3. Nc3 Bb4 4. g3 d5 5. Bg2 O-O 6. a3 Bxc3+ 7. bxc3 c6 8. Nf3
dxc4 9. O-O Nbd7 10. Nd2 Nd5 11. Qc2 b5 12. a4 a5 13. e4 Ne7 14. Ba3 Nb6 15.
Rfb1 Ba6 16. axb5 cxb5 17. e5 Nbd5 18. Bxe7 Qxe7 19. Rxa5 Qc7 20. Ra3 Qe7 21.
Ra5 Qc7 22. Raa1 Bb7 23. Rxa8 Rxa8 24. Rxb5 Ra1+ 25. Rb1 Ra7 26. Ne4 Ra3 27. h4
Bc6 28. Qc1 Ra2 29. Ra1 Qa7 30. Rxa2 Qxa2 31. Qg5 h6 32. Qd8+ Kh7 33. Qc8 Qb1+
34. Kh2 Ne7 35. Nf6+ gxf6 36. Qf8 Qg6 37. Qxe7 Bxg2 38. Kxg2 fxe5 39. dxe5 Qe4+
40. Kh2 Qf3 41. Qf6 Qxf6 42. exf6 Kg6 43. g4 Kxf6 44. Kg3 Kg7 45. Kf4 Kg6 46.
Ke5 f5 47. gxf5+ exf5 48. f4 Kh5 49. Kxf5 Kxh4 50. Kg6 h5 51. f5 Kg4 52. f6 1-0

[Event "32nd ECC Women 2016"]
[Site "Novi Sad SRB"]
[Date "2016.11.08"]
[Round "3.5"]
[Board "2"]
[White "Pustovoitova, Daria"]
[Black "Ambartsumova, Karina"]
[Result "0-1"]
[WhiteTitle "FM"]
[BlackTitle "WGM"]
[WhiteElo "2427"]
[BlackElo "2288"]
[WhiteTeam "SHSM Legacy Square Moscow"]
[BlackTeam "Ladya Kazan"]
[WhiteFideId "4182146"]
[BlackFideId "4166299"]
[EventDate "2016.11.06"]

1. Nf3 Nf6 2. c4 g6 3. Nc3 Bg7 4. d4 O-O 5. Bg5 d6 6. e3 Nbd7 7. Be2 c6 8. h3 e5
9. O-O Qe7 10. Qc2 Re8 11. Rad1 Nf8 12. Rfe1 h6 13. Bh4 g5 14. Bg3 e4 15. Nd2 h5
16. Rf1 Ng6 17. Rde1 g4 18. hxg4 hxg4 19. Bd1 Bf5 20. Bh2 Nh5 21. Ne2 Qf6 22.
Qb1 Rad8 23. Nc3 d5 24. cxd5 cxd5 25. Bb3 Be6 26. Ne2 Qg5 27. Bc7 Rc8 28. Rc1
Nh4 29. Bf4 Nxf4 30. Nxf4 Nf3+ 31. Nxf3 gxf3 32. Rxc8 Rxc8 33. Rc1 Rd8 34. g3
Bf8 35. Rc5 Bxc5 36. dxc5 Rc8 37. Qc2 Qe5 38. Ba4 d4 39. exd4 Qxd4 40. c6 bxc6
41. Nxe6 fxe6 42. Bb3 Kf7 43. Qc1 Qe5 44. Qd2 Ke7 45. Qe3 Qxb2 46. Qg5+ Qf6 47.
Qc5+ Ke8 48. Qd6 Qa1+ 49. Bd1 Qxa2 50. g4 Qd5 0-1

[Event "32nd ECC Women 2016"]
[Site "Novi Sad SRB"]
[Date "2016.11.08"]
[Round "3.5"]
[Board "3"]
[White "Nebolsina, Vera"]
[Black "Savina, Anastasia"]
[Result "0-1"]
[WhiteTitle "WGM"]
[BlackTitle "IM"]
[WhiteElo "2178"]
[BlackElo "2363"]
[WhiteTeam "Ladya Kazan"]
[BlackTeam "SHSM Legacy Square Moscow"]
[WhiteFideId "4163591"]
[BlackFideId "4196872"]
[EventDate "2016.11.06"]

1. Nf3 c5 2. c4 g6 3. g3 Bg7 4. Bg2 Nc6 5. Nc3 d6 6. d3 e6 7. Bg5 Nge7 8. Qc1 h6
9. Bd2 Rb8 10. h4 Nd4 11. Nh2 a6 12. Rb1 b5 13. cxb5 axb5 14. b4 c4 15. dxc4
bxc4 16. Nf3 Bb7 17. e4 Nxf3+ 18. Bxf3 Nc6 19. O-O Ne5 20. Be2 f5 21. exf5 gxf5
22. Bh5+ Ke7 23. Ne2 Qb6 24. b5 Bf3 25. Nf4 Qb7 26. Kh2 Bxh5 27. Nxh5 Nf3+ 28.
Kh3 Be5 29. Bf4 Qe4 30. Rb4 d5 31. Qa3 Kf7 32. Qa7+ Kg6 33. Ra4 Rbf8 34. Ra6
Kxh5 35. Rxe6 Qe2 36. Kg2 Nxh4+ 37. gxh4 Rfg8+ 0-1

[Event "32nd ECC Women 2016"]
[Site "Novi Sad SRB"]
[Date "2016.11.08"]
[Round "3.5"]
[Board "4"]
[White "Kovalevskaya, Ekaterina"]
[Black "Markelova, Lubov"]
[Result "1/2-1/2"]
[WhiteTitle "IM"]
[BlackTitle "WFM"]
[WhiteElo "2437"]
[BlackElo "2133"]
[WhiteTeam "SHSM Legacy Square Moscow"]
[BlackTeam "Ladya Kazan"]
[WhiteFideId "4116704"]
[BlackFideId "24131369"]
[EventDate "2016.11.06"]

1. Nf3 d5 2. g3 Nf6 3. Bg2 c6 4. O-O Bf5 5. d3 h6 6. b3 e6 7. Bb2 Be7 8. Nbd2
O-O 9. Re1 Nbd7 10. e4 Bh7 11. Qe2 a5 12. a3 Qb6 13. Rab1 Rfd8 14. h3 dxe4 15.
dxe4 Nc5 16. Nc4 Qa6 17. e5 Nd5 18. Rbd1 Ne4 19. Rd4 Nec3 20. Bxc3 Nxc3 21.
Rxd8+ Rxd8 22. Qe3 Nd5 23. Qe2 Nc3 24. Qe3 Nd5 25. Qe2 Nc3 26. Qe3 1/2-1/2

[Event "32nd ECC Women 2016"]
[Site "Novi Sad SRB"]
[Date "2016.11.08"]
[Round "3.6"]
[Board "1"]
[White "Sandu, Mihaela"]
[Black "Berzina, Ilze"]
[Result "1/2-1/2"]
[WhiteTitle "WGM"]
[BlackTitle "WGM"]
[WhiteElo "2207"]
[BlackElo "2283"]
[WhiteTeam "Midland Monarchs"]
[BlackTeam "Kaunas CC Margiris"]
[WhiteFideId "1204327"]
[BlackFideId "11601345"]
[EventDate "2016.11.06"]

1. e4 c6 2. c4 d5 3. exd5 cxd5 4. cxd5 Nf6 5. Nc3 Nxd5 6. Nf3 Nc6 7. Bb5 e6 8.
O-O Be7 9. d4 O-O 10. Re1 Qd6 11. Ne4 Qc7 12. a3 Rd8 13. Qd3 Nf4 14. Qe3 Ng6 15.
Bd2 Qb6 16. Bxc6 Qxc6 17. Rac1 Qd5 18. Rc7 Bd7 19. Nc3 Qb3 20. Ne5 Nxe5 21. dxe5
Rac8 22. Rxc8 Bxc8 23. Bc1 b6 24. Qf3 Ba6 25. h3 h6 26. Qg3 Kf8 27. Kh2 Bb7 28.
Ne4 Rd3 29. f3 Qc2 30. Qf4 Bg5 31. Nxg5 hxg5 32. Qxg5 Bxf3 33. Rg1 Bb7 34. Qh4
Kg8 35. Qe7 Qc6 36. Qg5 Qe4 37. Bf4 Rd4 38. Be3 Rd5 39. Bf4 Rd4 40. Bg3 Qe2 41.
Be1 Qxb2 42. Bb4 Qf2 43. Bd6 Rd2 44. Qd8+ Kh7 45. Qg5 Rd4 46. Qh5+ Kg8 47. Qg5
Qf4+ 48. Qxf4 Rxf4 49. Kg3 Rc4 50. h4 f6 51. exf6 gxf6 52. Rf1 f5 53. Kh3 Rc3+
54. Kh2 Rc2 55. Rg1 Re2 56. Kh3 e5 57. h5 Kh7 58. g4 Bc8 59. gxf5 Bxf5+ 60. Kh4
Bd3 61. Rg5 Re4+ 62. Kg3 Kh6 63. Rxe5 Rxe5 64. Bxe5 1/2-1/2

[Event "32nd ECC Women 2016"]
[Site "Novi Sad SRB"]
[Date "2016.11.08"]
[Round "3.6"]
[Board "2"]
[White "Sibajeva, Marija"]
[Black "Srebrnic, Ana"]
[Result "1-0"]
[WhiteTitle "WCM"]
[BlackTitle "WGM"]
[WhiteElo "1869"]
[BlackElo "2216"]
[WhiteTeam "Kaunas CC Margiris"]
[BlackTeam "Midland Monarchs"]
[WhiteFideId "12807583"]
[BlackFideId "14603314"]
[EventDate "2016.11.06"]

1. e4 c6 2. d4 g6 3. c4 Bg7 4. Nc3 d6 5. f4 a6 6. a4 a5 7. Nf3 Qb6 8. h3 Nf6 9.
g4 Na6 10. Qe2 Nd7 11. Be3 Nb4 12. Kf2 d5 13. c5 Qc7 14. e5 Nf8 15. Na2 h5 16.
g5 Nxa2 17. Rxa2 b6 18. cxb6 Qxb6 19. Qc2 Bf5 20. Bd3 Bxd3 21. Qxd3 Ne6 22. Rc1
Kd7 23. Nd2 Rhb8 24. Rc3 Qa7 25. Nb3 Qa6 26. f5 gxf5 27. Qxf5 Rxb3 28. Rxb3 Qc4
29. Raa3 Ra7 30. Qd3 Qxd3 31. Rxd3 Nc7 32. Rab3 f6 33. exf6 exf6 34. Rb6 fxg5
35. Rc3 Ne6 36. Rcxc6 Nf4 37. Rd6+ Kc7 38. Rbc6+ Kb7 39. Rd7+ Kxc6 40. Rxa7 Bf8
41. Bxf4 gxf4 42. Rxa5 Bg7 43. Rc5+ Kd6 44. Rb5 Bxd4+ 45. Kf3 Be3 46. Rb3 d4 47.
a5 1-0

[Event "32nd ECC Women 2016"]
[Site "Novi Sad SRB"]
[Date "2016.11.08"]
[Round "3.6"]
[Board "3"]
[White "Manelidou, Maria"]
[Black "Gailiunaite, Saule"]
[Result "1-0"]
[WhiteTitle "WFM"]
[WhiteElo "2084"]
[BlackElo "1804"]
[WhiteTeam "Midland Monarchs"]
[BlackTeam "Kaunas CC Margiris"]
[WhiteFideId "4212240"]
[BlackFideId "12807737"]
[EventDate "2016.11.06"]

1. e4 c5 2. Nf3 Nc6 3. Bb5 g6 4. O-O Bg7 5. Nc3 a6 6. Bxc6 dxc6 7. h3 c4 8. a4
Bd7 9. a5 e5 10. d3 cxd3 11. Qxd3 Ne7 12. Rd1 h6 13. Be3 f5 14. Qd6 Qc8 15. Na4
fxe4 16. Nb6 exf3 17. Nxc8 Bxc8 18. Bc5 Bf8 19. Qd8+ Kf7 20. Bxe7 1-0